|
|
|
|
| LEADER |
01169nam a2200325 a 4500 |
| 001 |
2379 |
| 003 |
BD-DhAAL |
| 005 |
20150415100247.0 |
| 008 |
150415s1991 ilua 001 0 eng |
| 010 |
|
|
|a 90004096
|
| 020 |
|
|
|a 0256080305
|
| 020 |
|
|
|a 0256084912 (Teacher's ed.)
|
| 020 |
|
|
|a 0256097550 (handbook)
|
| 040 |
|
|
|a DLC
|c DLC
|d DLC
|d BD-DhAAL
|
| 050 |
0 |
0 |
|a HF5694
|b .S57 1991
|
| 082 |
0 |
0 |
|a 650/.01/513
|2 20
|
| 100 |
1 |
|
|a Slater, Jeffrey,
|d 1947-
|9 10360
|
| 245 |
1 |
0 |
|a Practical business math procedures /
|c Jeffrey Slater.
|
| 250 |
|
|
|a 3rd ed.
|
| 260 |
|
|
|a Homewood, IL :
|b Irwin,
|c c1991.
|
| 300 |
|
|
|a xiv, 532 p. :
|b col. ill. ;
|c 31 cm.
|
| 500 |
|
|
|a Four folded pages in pocket.
|
| 500 |
|
|
|a Accompanied by: Business math handbook / Jeffrey Slater. 60 p. ; 28 cm.
|
| 500 |
|
|
|a Includes index.
|
| 541 |
|
|
|e 2379
|
| 650 |
|
0 |
|a Business mathematics
|x Problems, exercises, etc.
|9 10361
|
| 700 |
1 |
2 |
|a Slater, Jeffrey,
|d 1947-
|t Business math handbook.
|f 1991.
|9 10362
|
| 942 |
|
|
|2 ddc
|c BK
|
| 999 |
|
|
|c 34223
|d 34223
|
| 952 |
|
|
|0 0
|1 0
|2 ddc
|4 0
|6 650_015130000000000_SLA
|7 0
|9 53434
|a SCL
|b SCL
|c GEN
|d 2015-04-15
|l 0
|o 650.01513 SLA
|p 3020002379
|r 2015-04-15
|t 1
|w 2015-04-15
|y BK
|